Za ďalší rozvoj fyziatrie a balneografie v SSSR

Podrobná bibliografia
Hlavný autor: Benda, J. (Autor)
Médium: Článok
Jazyk:slovenčina
čeština
Predmet:

MARC

LEADER 00000nab a2200000 a 4500
001 vtls000200998
003 SK-MaSNL
005 20260304064651.0
008 250422c1984 xo 0 slo
015 |a SNBRB19rr/mm-uuuuu 
035 |a CL0211111 
035 |a urn:nbn:sk:snk-ab7f3p 
035 |a (urnnbn)urn:nbn:sk:snk:ar-005ckk 
035 |a (uuid)f4a9e9ba-2bb6-4b7c-94bc-1b89e4d89d20 
040 |a SNKBUCL  |b slo  |c SNKBUCL  |e AACR2 
041 0 |a cze 
044 |a xo  |c SK 
080 |a 615.8:061.3(47)  |2 1981 
080 |a 061.3(47)  |2 1981 
100 1 |a Benda, J.  |4 aut  |9 458592 
245 1 0 |a Za ďalší rozvoj fyziatrie a balneografie v SSSR  |c J. Benda 
650 0 7 |a fyziatria  |2 snkbucl  |9 19085 
650 0 7 |a balneografia  |2 snkbucl  |9 377266 
655 7 |a články z novín a časopisov  |2 snkbucl  |9 267496 
773 0 |t Rehabilitácia  |g Roč. 17, č. 4 (1984), s. 251-252 
850 |a Slovenská národná knižnica 
852 |a Slovenská národná knižnica 
954 |a odborná, vedecká literatúra cudzojazyčná (svetová)  |2 lita 
958 |a article7 
958 |a OND 
958 |a RK 
958 |a MI 
958 |a SU 
958 |a EUIPO 
992 |a RBX 
999 |c 2747413  |d 2749343